000 00359nam a22001457a 4500
008 210308b ||||| |||| 00| 0 eng d
020 _a9781552393536
041 _aeng
080 _22nd
_a34
082 _a34
100 _a13
101 _aJUR
245 _aEmployment Law for Business and Human Resources Professionals
_cFilsinger, K. J
942 _2udc
_cBK
999 _c55950
_d55950